[Event "Vesterhavsturneringen 2004"]
[Site "Esbjerg"]
[Date "2004.07.06"]
[Round "5"]
[White "Aagaard, Kasper Bek"]
[Black "Petersen, Martin Reib"]
[Result "0-1"]
[WhiteElo "1452"]
[BlackElo "1783"]
[PlyCount "66"]
[EventDate "2004.??.??"]
[EventType "swiss"]
[EventRounds "9"]
[EventCountry "DEN"]

1. e4 c6 2. d4 d5 3. Nc3 dxe4 4. Nxe4 Nf6 5. Ng3 g6 6. Nf3 Bg7 7. Bd3 Bg4 8. c3
Nbd7 9. h3 Bxf3 10. Qxf3 O-O 11. h4 e5 12. Be3 Nd5 13. Ne2 exd4 14. Bxd4 Bxd4
15. Nxd4 Ne5 16. Qg3 Nxd3+ 17. Qxd3 Re8+ 18. Kd2 Nf4 19. Qg3 Ne6 20. Qd3 Nc5
21. Qf3 Ne6 22. Qd3 Nf4 23. Qf3 Qd6 24. Kc2 c5 25. Nb5 Qd7 26. Rad1 Qf5+ 27.
Kc1 Ne2+ 28. Kd2 Rad8+ 29. Nd4 cxd4 30. Qxf5 dxc3+ 31. Kc2 gxf5 32. Rxd8 Rxd8
33. Re1 Rd2+ 0-1

[Event "Vesterhavsturneringen 2004"]
[Site "Esbjerg"]
[Date "2004.07.06"]
[Round "5"]
[White "Agger, Lars Breinholt"]
[Black "Klitaa, Ib"]
[Result "0-1"]
[WhiteElo "1836"]
[BlackElo "1633"]
[PlyCount "166"]
[EventDate "2004.??.??"]
[EventType "swiss"]
[EventRounds "9"]
[EventCountry "DEN"]

1. e4 e5 2. Nf3 d6 3. d4 exd4 4. Nxd4 Bd7 5. Bc4 g6 6. O-O Bg7 7. Nc3 a6 8. Qf3
Qf6 9. Be3 Nc6 10. Qxf6 Nxf6 11. Rad1 O-O 12. a3 Rfe8 13. f3 Ne5 14. Ba2 Rac8
15. Nde2 Be6 16. Nd5 Nxd5 17. exd5 Bd7 18. Nd4 Nc4 19. Bc1 Ne3 20. Bxe3 Rxe3
21. Kf2 Rce8 22. Ne6 Bh6 23. Nxc7 Rc8 24. g3 Rxc7 25. f4 Re7 26. c3 Rc8 27. Bb1
f5 28. Rd4 Rce8 29. Bd3 b5 30. a4 Bg7 31. Rb4 a5 32. Rb3 bxa4 33. Rb6 a3 34.
bxa3 Bxc3 35. Rxd6 Bd4+ 36. Kg2 Bc8 37. Bb5 Rf8 38. Bc4 Kg7 39. Kh3 Bc5 40. Rc6
Bxa3 41. Rd1 Bb7 42. Rb6 Bc5 43. Rb5 Bb4 44. d6 Rd7 45. Be6 Rxd6 46. Rxb7+ Kh8
47. Rc1 Rxe6 48. Rcc7 Be7 49. Rxe7 Rxe7 50. Rxe7 Ra8 51. Kg2 a4 52. Re2 a3 53.
Ra2 Kg7 54. h4 Kf6 55. Kf3 Ra7 56. Ke3 h6 57. Kf3 Ra4 58. Ke3 Ke6 59. Kf3 Kd5
60. Ke3 Kc5 61. Kd3 Kb4 62. Kc2 Kc4 63. Kb1 Rb4+ 64. Ka1 Rb3 65. Rg2 Re3 66.
Ka2 Kb4 67. Rg1 Re2+ 68. Ka1 a2 69. g4 fxg4 70. f5 gxf5 71. h5 Rf2 72. Rxg4+ f4
73. Rg1 Kc4 74. Rd1 Rh2 75. Rd4+ Kc3 76. Rc4+ Kd3 77. Rxf4 Rxh5 78. Kxa2 Re5
79. Rh4 h5 80. Kb2 Ke3 81. Kc2 Kf3 82. Kd3 Kg3 83. Rh1 h4 0-1

[Event "Vesterhavsturneringen 2004"]
[Site "Esbjerg"]
[Date "2004.07.06"]
[Round "5"]
[White "Andersen, Hans Jorgen"]
[Black "Nielsen, Anders"]
[Result "1-0"]
[WhiteElo "2060"]
[BlackElo "1733"]
[PlyCount "67"]
[EventDate "2004.??.??"]
[EventType "swiss"]
[EventRounds "9"]
[EventCountry "DEN"]

1. e4 c5 2. Nf3 d6 3. d4 cxd4 4. Nxd4 Nf6 5. Nc3 g6 6. Be2 Bg7 7. O-O Nc6 8.
Be3 Bd7 9. Kh1 h5 10. f4 Bg4 11. Qd3 Bxe2 12. Ncxe2 Bh6 13. Rad1 a6 14. Nxc6
bxc6 15. Bd4 Bg7 16. e5 dxe5 17. fxe5 Ng4 18. e6 O-O 19. exf7+ Kh7 20. h3 e5
21. Bc5 Qh4 22. Qg3 Qxg3 23. Nxg3 Nf6 24. Bxf8 Rxf8 25. Rd6 Rxf7 26. Rxc6 Rf8
27. Re6 h4 28. Ne2 e4 29. c4 Kh6 30. b4 Kg5 31. Nc3 Bh8 32. Rexf6 Bxf6 33.
Nxe4+ Kh6 34. Rxf6 1-0

[Event "Vesterhavsturneringen 2004"]
[Site "Esbjerg"]
[Date "2004.07.06"]
[Round "5"]
[White "Andersen, Rune"]
[Black "Wilton, Lars"]
[Result "0-1"]
[WhiteElo "2045"]
[BlackElo "2125"]
[PlyCount "98"]
[EventDate "2004.??.??"]
[EventType "swiss"]
[EventRounds "9"]
[EventCountry "DEN"]

1. d4 f5 2. e4 fxe4 3. Nc3 Nf6 4. g4 h6 5. Bg2 d5 6. h3 Nc6 7. f3 e5 8. dxe5
Nxe5 9. f4 Nf7 10. Nge2 c6 11. Be3 Bb4 12. O-O O-O 13. g5 hxg5 14. fxg5 Nh5 15.
g6 Ne5 16. Rxf8+ Bxf8 17. Nxe4 Bf5 18. Ng5 Nc4 19. Bc1 Bc5+ 20. Nd4 Bxd4+ 21.
Qxd4 Qb6 22. Qxb6 axb6 23. c3 Re8 24. b3 Ne3 25. Bxe3 Rxe3 26. Kf2 Re8 27. Bf3
Bxg6 28. Bg4 Nf6 29. Bf3 Be4 30. Rd1 Bxf3 31. Kxf3 b5 32. Rd2 Ne4 33. Nxe4 Rxe4
34. Rd4 Re1 35. c4 dxc4 36. bxc4 bxc4 37. Rxc4 Kf7 38. a4 Ke8 39. Rb4 Re7 40.
Kf4 Kd8 41. h4 Kc7 42. Kf5 c5 43. Rg4 Kc6 44. Kg6 Kd5 45. Rg5+ Kd4 46. Rg4+ Kc3
47. h5 c4 48. Rf4 Kb3 49. a5 c3 0-1

[Event "Vesterhavsturneringen 2004"]
[Site "Esbjerg"]
[Date "2004.07.06"]
[Round "5"]
[White "Bonnelykke, Ole"]
[Black "Jensen, Torben Richard"]
[Result "1/2-1/2"]
[WhiteElo "2065"]
[BlackElo "1898"]
[PlyCount "95"]
[EventDate "2004.??.??"]
[EventType "swiss"]
[EventRounds "9"]
[EventCountry "DEN"]

1. e4 e6 2. d4 d5 3. e5 c5 4. c3 Nc6 5. Nf3 f6 6. Bd3 cxd4 7. cxd4 Qb6 8. O-O
fxe5 9. Nxe5 Nf6 10. Bg5 Nxe5 11. dxe5 Ne4 12. Bxe4 dxe4 13. Nc3 Qxb2 14. Qh5+
g6 15. Qh4 Bg7 16. Nxe4 Qxe5 17. Bf6 Bxf6 18. Nxf6+ Kf7 19. Ng4 Qg7 20. Rac1
Bd7 21. Rfd1 Rhd8 22. Rc7 g5 23. Qh5+ Kf8 24. h3 Be8 25. Rxd8 Rxd8 26. Rxg7
Bxh5 27. Rxb7 Bxg4 28. hxg4 Rd1+ 29. Kh2 a5 30. Kg3 Rd3+ 31. f3 Rd2 32. Rxh7
Rxa2 33. Rh5 Rd2 34. Rxg5 Rd5 35. Rg6 Rd6 36. g5 a4 37. Rh6 Ra6 38. Rh1 a3 39.
f4 a2 40. Ra1 Kg7 41. Kf3 Kg6 42. g4 Ra4 43. Ke3 e5 44. fxe5 Kxg5 45. Kd3 Kxg4
46. e6 Ra6 47. e7 Re6 48. Rxa2 1/2-1/2

[Event "Vesterhavsturneringen 2004"]
[Site "Esbjerg"]
[Date "2004.07.06"]
[Round "5"]
[White "Christensen, Henrik"]
[Black "Pontoppidan, Erik"]
[Result "1-0"]
[WhiteElo "1874"]
[BlackElo "1750"]
[PlyCount "25"]
[EventDate "2004.??.??"]
[EventType "swiss"]
[EventRounds "9"]
[EventCountry "DEN"]

1. e4 e5 2. Nf3 Nc6 3. Bc4 Bc5 4. b4 Bxb4 5. c3 Bc5 6. d4 exd4 7. O-O Nge7 8.
cxd4 Bb6 9. Ng5 O-O 10. Qh5 h6 11. Nxf7 Rxf7 12. Bxf7+ Kh8 13. Bxh6 1-0

[Event "Vesterhavsturneringen 2004"]
[Site "Esbjerg"]
[Date "2004.07.06"]
[Round "5"]
[White "Christensen, Svend Ib"]
[Black "Sandbech, Ted"]
[Result "1/2-1/2"]
[WhiteElo "1517"]
[BlackElo "1613"]
[PlyCount "131"]
[EventDate "2004.??.??"]
[EventType "swiss"]
[EventRounds "9"]
[EventCountry "DEN"]

1. d4 d5 2. c4 c6 3. e3 Nf6 4. Nf3 Bg4 5. c5 Nbd7 6. Be2 e6 7. h3 Bh5 8. Nc3
Be7 9. b4 b6 10. Bb2 O-O 11. O-O a5 12. a3 Rb8 13. Rb1 Bg6 14. Bd3 Ne4 15. Ne1
axb4 16. axb4 bxc5 17. bxc5 Rxb2 18. Bxe4 Rxb1 19. Bxb1 Bxb1 20. Qxb1 Qc7 21.
f4 Rb8 22. Qc2 f5 23. Nf3 h6 24. Rb1 Ra8 25. g3 Bd8 26. Rb2 Qc8 27. Qb1 Ba5 28.
Na4 Kh7 29. Ne5 Nxe5 30. fxe5 Qe8 31. g4 Qg6 32. Kh2 Rf8 33. Rf2 Bd8 34. gxf5
exf5 35. Nc3 Qg5 36. Qd3 Kh8 37. Rg2 Qh4 38. Ne2 Bg5 39. Ng1 Qe4 40. Qxe4 fxe4
41. Re2 Kg8 42. Kg2 Rf7 43. Rf2 Bxe3 44. Rxf7 Kxf7 45. Ne2 Ke6 46. Kg3 g5 47.
Kg4 Bd2 48. Ng3 e3 49. Ne2 Be1 50. Kh5 Bh4 51. Kxh6 Kf5 52. Kh5 Be1 53. Kh6 g4
54. hxg4+ Kxg4 55. e6 Bh4 56. Kg6 Kf3 57. Nc3 e2 58. Nxe2 Kxe2 59. Kf7 Kd3 60.
e7 Bxe7 61. Kxe7 Kxd4 62. Kd6 Ke4 63. Kxc6 d4 64. Kb7 d3 65. c6 d2 66. c7
1/2-1/2

[Event "Vesterhavsturneringen 2004"]
[Site "Esbjerg"]
[Date "2004.07.06"]
[Round "5"]
[White "Clausen, Borge"]
[Black "Hjorth, Henrik"]
[Result "1/2-1/2"]
[WhiteElo "1400"]
[BlackElo "1625"]
[PlyCount "50"]
[EventDate "2004.??.??"]
[EventType "swiss"]
[EventRounds "9"]
[EventCountry "DEN"]

1. e4 c5 2. Nf3 e6 3. d4 cxd4 4. Nxd4 a6 5. Be3 Nc6 6. Nc3 d6 7. Qd2 Nf6 8. f3
Qc7 9. O-O-O Bd7 10. g4 h6 11. h4 O-O-O 12. Bg2 Nxd4 13. Qxd4 Bc6 14. g5 hxg5
15. hxg5 Rxh1 16. Rxh1 Nd7 17. Rh7 d5 18. Qa7 Qb8 19. Qxb8+ Kxb8 20. exd5 exd5
21. Bd4 f6 22. gxf6 Nxf6 23. Bxf6 gxf6 24. Rf7 Bh6+ 25. Kb1 Bg5 1/2-1/2

[Event "Vesterhavsturneringen 2004"]
[Site "Esbjerg"]
[Date "2004.07.06"]
[Round "5"]
[White "Damm, Kasper Wilken"]
[Black "Hansen, John Nyholm"]
[Result "1-0"]
[WhiteElo "2241"]
[BlackElo "2021"]
[PlyCount "145"]
[EventDate "2004.??.??"]
[EventType "swiss"]
[EventRounds "9"]
[EventCountry "DEN"]

1. a3 c5 2. g3 Nc6 3. Bg2 Nf6 4. c4 e6 5. Nc3 d5 6. cxd5 exd5 7. Nf3 d4 8. Na2
a5 9. O-O Be7 10. d3 O-O 11. e4 a4 12. Bg5 Be6 13. Nd2 Qd7 14. Nc1 Bg4 15. f3
Bh3 16. Ne2 Bxg2 17. Kxg2 b5 18. Bxf6 Bxf6 19. Rc1 Be7 20. Nf4 Ne5 21. Qe2 Rfc8
22. Nd5 Bd8 23. f4 Ng4 24. Nf3 Ra6 25. h3 Nf6 26. Ne5 Qd6 27. Nxf6+ Bxf6 28.
Ng4 Be7 29. f5 Qd7 30. Rc2 f6 31. e5 Qd5+ 32. Rf3 fxe5 33. Nxe5 Bf6 34. Ng4 Bg5
35. h4 h5 36. Nf2 Be3 37. Ne4 c4 38. Rxe3 dxe3 39. Qxe3 Rf8 40. Kh2 cxd3 41.
Rc5 Qd7 42. Qf3 Qd4 43. Rd5 Qxb2+ 44. Kh3 Qe2 45. Qf4 Qg4+ 46. Qxg4 hxg4+ 47.
Kxg4 b4 48. Rxd3 bxa3 49. Rxa3 Rb8 50. Kh3 Rb3 51. Ra1 Ra5 52. Nd2 Rb4 53. Nb1
Rxf5 54. Na3 Rf3 55. Nc2 Rc4 56. Kg2 Rb3 57. Ra2 Rbc3 58. Na3 Rb3 59. Nxc4 Rb4
60. Rc2 Rb3 61. Kh3 Kh7 62. Nd2 Rd3 63. Ra2 Rd4 64. Nb1 Rc4 65. Ra3 Rb4 66. Nc3
Rb3 67. Rxb3 axb3 68. Kg4 Kg6 69. h5+ Kf6 70. Kf4 Ke6 71. g4 Kf6 72. Na4 Ke6
73. Nc5+ 1-0

[Event "Vesterhavsturneringen 2004"]
[Site "Esbjerg"]
[Date "2004.07.06"]
[Round "5"]
[White "Dorup, Ivar"]
[Black "Jacobsen, Per"]
[Result "0-1"]
[WhiteElo "1690"]
[BlackElo "1570"]
[PlyCount "78"]
[EventDate "2004.??.??"]
[EventType "swiss"]
[EventRounds "9"]
[EventCountry "DEN"]

1. d4 Nf6 2. Nf3 g6 3. c4 Bg7 4. Nc3 d5 5. Bg5 Ne4 6. e3 Nxg5 7. Nxg5 e5 8. h4
exd4 9. Nxd5 dxe3 10. Qe2 O-O 11. Nxe3 Nc6 12. Rd1 Bd7 13. g3 Nd4 14. Qd3 Re8
15. Bg2 Bf5 16. Ne4 Qe7 17. Nd5 Qc5 18. O-O Bxe4 19. Bxe4 Rad8 20. b4 Qd6 21.
h5 Qe5 22. Rfe1 Qxh5 23. Nxc7 Ne2+ 24. Qxe2 Qxe2 25. Rxe2 Rxd1+ 26. Kg2 Rc8 27.
Nb5 Rxc4 28. Nxa7 Rxb4 29. Bc2 Rd8 30. a4 Rbd4 31. Bb3 Bf6 32. Nb5 Rd2 33. Re4
Kg7 34. Na3 R8d4 35. Re1 Rb2 36. Bc2 Rd2 37. Rc1 Ra2 38. Nc4 Rdxc2 39. Rxc2
Rxc2 0-1

[Event "Vesterhavsturneringen 2004"]
[Site "Esbjerg"]
[Date "2004.07.06"]
[Round "5"]
[White "Fedorchuk, Sergey"]
[Black "Schandorff, Lars"]
[Result "1/2-1/2"]
[WhiteElo "2569"]
[BlackElo "2505"]
[PlyCount "48"]
[EventDate "2004.??.??"]
[EventType "swiss"]
[EventRounds "9"]
[EventCountry "DEN"]

1. e4 c5 2. Nf3 Nc6 3. Bb5 g6 4. Bxc6 dxc6 5. d3 Bg7 6. h3 Nf6 7. Nc3 Nd7 8.
Be3 e5 9. Qd2 h6 10. O-O Qe7 11. a3 Nf8 12. b4 Ne6 13. Na4 b6 14. c3 f5 15.
exf5 gxf5 16. Rae1 e4 17. dxe4 fxe4 18. Bxc5 bxc5 19. Rxe4 cxb4 20. axb4 O-O
21. Rfe1 Qf7 22. Ne5 Bxe5 23. Rxe5 Ng7 24. Nc5 Qf4 1/2-1/2

[Event "Vesterhavsturneringen 2004"]
[Site "Esbjerg"]
[Date "2004.07.06"]
[Round "5"]
[White "Flindt, Thomas"]
[Black "Petersen, Tom Petri"]
[Result "0-1"]
[WhiteElo "2117"]
[BlackElo "2202"]
[PlyCount "166"]
[EventDate "2004.??.??"]
[EventType "swiss"]
[EventRounds "9"]
[EventCountry "DEN"]

1. e4 g6 2. Bc4 Bg7 3. Ne2 c6 4. O-O d5 5. exd5 cxd5 6. Bb5+ Bd7 7. Bxd7+ Qxd7
8. d4 Nf6 9. Nf4 O-O 10. Nd3 Nc6 11. c3 Na5 12. Re1 e6 13. Bf4 b6 14. Nd2 Rac8
15. Ne5 Qb7 16. Qf3 Nc6 17. Nb3 Nd7 18. Ng4 h5 19. Ne3 Nf6 20. g4 hxg4 21. Nxg4
Nxg4 22. Qxg4 Qe7 23. Re3 Rfd8 24. Rae1 Qe8 25. Bg5 Rd7 26. Rh3 Ne7 27. Rhe3
Nf5 28. R3e2 Rc6 29. Nd2 f6 30. Bf4 Kf7 31. Nf3 Qh8 32. Bg3 Qh5 33. Qf4 Bh6 34.
Qb8 Nxg3 35. Qxg3 Qf5 36. Nh4 Qg5 37. Nf3 Qxg3+ 38. hxg3 a5 39. a3 a4 40. Kg2
Rd8 41. Rh1 Bg7 42. g4 g5 43. Rhe1 Rh8 44. Re3 Bf8 45. R3e2 Be7 46. Re3 Bd8 47.
R3e2 Bc7 48. Kg1 Bf4 49. Kg2 Re8 50. Rh1 Kg7 51. Ree1 Rh8 52. Rhf1 Kg6 53. Re2
Rd6 54. Rfe1 Kf7 55. Kg1 Ke7 56. Kg2 Kd7 57. Kg1 Re8 58. Kg2 Kc6 59. Rh1 Rd7
60. Ne1 Kb5 61. Nd3 Bd6 62. Rh6 Rf7 63. Nb4 Bxb4 64. axb4 Kc4 65. Kg3 a3 66.
bxa3 Kxc3 67. f4 gxf4+ 68. Kxf4 Kxd4 69. Rc2 f5 70. g5 e5+ 71. Kf3 f4 72. Rd2+
Kc3 73. Rxd5 e4+ 74. Kg4 f3 75. g6 Rf6 76. Rh1 f2 77. Rf1 Rxg6+ 78. Kf5 Rg1 79.
Rxf2 Rf8+ 80. Kxe4 Rxf2 81. Rb5 Re1+ 82. Kd5 Rf5+ 83. Kc6 Re6+ 0-1

[Event "Vesterhavsturneringen 2004"]
[Site "Esbjerg"]
[Date "2004.07.06"]
[Round "5"]
[White "Fyhn, Karsten"]
[Black "Leutenberger, Kevin"]
[Result "1-0"]
[WhiteElo "1796"]
[BlackElo "1669"]
[PlyCount "51"]
[EventDate "2004.??.??"]
[EventType "swiss"]
[EventRounds "9"]
[EventCountry "DEN"]

1. d4 Nf6 2. c4 c5 3. Nf3 cxd4 4. Nxd4 e6 5. Nc3 Nc6 6. e3 Bc5 7. Be2 O-O 8.
O-O d5 9. cxd5 Nxd5 10. Nxc6 bxc6 11. Ne4 Be7 12. Qc2 Qb6 13. a3 f5 14. Nd2
Nxe3 15. fxe3 Qxe3+ 16. Rf2 Bc5 17. Ne4 Qxe4 18. Qxc5 Rf6 19. Bf3 Qe1+ 20. Rf1
Qh4 21. Qxc6 Rb8 22. Qc7 Qd4+ 23. Kh1 Rf8 24. Rd1 Qh4 25. Qxb8 Ba6 26. Qe5 1-0

[Event "Vesterhavsturneringen 2004"]
[Site "Esbjerg"]
[Date "2004.07.06"]
[Round "5"]
[White "Hamann, Brian"]
[Black "Kallenbach, Uffe"]
[Result "1-0"]
[WhiteElo "1667"]
[BlackElo "1434"]
[PlyCount "51"]
[EventDate "2004.??.??"]
[EventType "swiss"]
[EventRounds "9"]
[EventCountry "DEN"]

1. d4 Nf6 2. Nf3 e6 3. c4 Bb4+ 4. Bd2 Qe7 5. Nc3 c5 6. Nb5 Bxd2+ 7. Qxd2 d5 8.
e3 a6 9. Nc3 O-O 10. cxd5 exd5 11. Bd3 Bg4 12. Be2 Nc6 13. O-O Rad8 14. Rac1
Ne4 15. Qd1 cxd4 16. Nxd4 Bxe2 17. Ncxe2 Ne5 18. Nc3 Qg5 19. f4 Qh6 20. Nf5 Qb6
21. fxe5 Rfe8 22. Nxe4 dxe4 23. Qe2 Rxe5 24. Nd4 g6 25. Qc4 Rf8 26. Qc7 1-0

[Event "Vesterhavsturneringen 2004"]
[Site "Esbjerg"]
[Date "2004.07.06"]
[Round "5"]
[White "Hansen, Erik Hedegaard"]
[Black "Roerholt, Carsten"]
[Result "1-0"]
[WhiteElo "1738"]
[BlackElo "1618"]
[PlyCount "41"]
[EventDate "2004.??.??"]
[EventType "swiss"]
[EventRounds "9"]
[EventCountry "DEN"]

1. d4 Nf6 2. c4 e6 3. Nc3 Bb4 4. Qc2 O-O 5. e3 c5 6. Bd3 d5 7. Nf3 Nc6 8. O-O
cxd4 9. cxd5 exd5 10. Nxd4 Nxd4 11. exd4 Be6 12. Bg5 h6 13. Bh4 Be7 14. Rfe1 g5
15. Bg3 Kg7 16. Be5 Rg8 17. Rac1 Kf8 18. Bf5 Bxf5 19. Qxf5 Qc8 20. Qf3 Qg4 21.
Bxf6 1-0

[Event "Vesterhavsturneringen 2004"]
[Site "Esbjerg"]
[Date "2004.07.06"]
[Round "5"]
[White "Hansen, Mads Kjaer"]
[Black "Jensen, Jan"]
[Result "0-1"]
[WhiteElo "1331"]
[BlackElo "1675"]
[PlyCount "74"]
[EventDate "2004.??.??"]
[EventType "swiss"]
[EventRounds "9"]
[EventCountry "DEN"]

1. e4 c5 2. Bc4 e6 3. Nc3 Nc6 4. Nf3 d6 5. d4 cxd4 6. Nxd4 Nf6 7. Bb5 Bd7 8.
Nxc6 Bxc6 9. Bxc6+ bxc6 10. O-O Be7 11. Bg5 Rb8 12. b3 d5 13. e5 Nd7 14. Bxe7
Qxe7 15. Ne2 Nxe5 16. Rb1 c5 17. c3 O-O 18. a3 Rb7 19. b4 Rfb8 20. Qc2 Nc4 21.
Qa2 a5 22. bxa5 Rb2 23. Qa1 Qa7 24. Rxb2 Rxb2 25. Nf4 Qxa5 26. Rc1 g6 27. Nd3
Rb3 28. h3 Nxa3 29. Ne5 Qb5 30. c4 dxc4 31. Ng4 c3 32. Kh2 Qb4 33. Ne3 Qf4+ 34.
Kg1 Qb8 35. g3 Qb4 36. h4 Rb2 37. Kg2 c2 0-1

[Event "Vesterhavsturneringen 2004"]
[Site "Esbjerg"]
[Date "2004.07.06"]
[Round "5"]
[White "Henriksen, Rene"]
[Black "Sondergaard, Thomas"]
[Result "0-1"]
[WhiteElo "1293"]
[BlackElo "1872"]
[PlyCount "46"]
[EventDate "2004.??.??"]
[EventType "swiss"]
[EventRounds "9"]
[EventCountry "DEN"]

1. e4 c5 2. Nf3 Nc6 3. d4 cxd4 4. Nxd4 Qc7 5. Nc3 e6 6. Ndb5 Qb8 7. Bg5 a6 8.
Nd4 Nf6 9. a3 Be7 10. Bc4 d6 11. O-O O-O 12. Nxc6 bxc6 13. Qd3 Rd8 14. Rfd1 d5
15. exd5 cxd5 16. Kh1 Ng4 17. Qg3 Qxg3 18. hxg3 Bxg5 19. Kg1 dxc4 20. Ne4 Be7
21. Nc5 Rxd1+ 22. Rxd1 Bxc5 23. Rd8+ Bf8 0-1

[Event "Vesterhavsturneringen 2004"]
[Site "Esbjerg"]
[Date "2004.07.06"]
[Round "5"]
[White "Hoi, Carsten"]
[Black "Skytte, Rasmus"]
[Result "1/2-1/2"]
[WhiteElo "2359"]
[BlackElo "2403"]
[PlyCount "21"]
[EventDate "2004.??.??"]
[EventType "swiss"]
[EventRounds "9"]
[EventCountry "DEN"]

1. d4 d5 2. Nf3 Nf6 3. Bg5 Ne4 4. Bh4 c6 5. e3 Qb6 6. Qc1 Bf5 7. Nbd2 Nxd2 8.
Nxd2 e6 9. Be2 c5 10. dxc5 Bxc5 11. O-O 1/2-1/2

[Event "Vesterhavsturneringen 2004"]
[Site "Esbjerg"]
[Date "2004.07.06"]
[Round "5"]
[White "Hoiberg, Erling"]
[Black "Jakobsen, Ole"]
[Result "1/2-1/2"]
[WhiteElo "2135"]
[BlackElo "2379"]
[PlyCount "157"]
[EventDate "2004.??.??"]
[EventType "swiss"]
[EventRounds "9"]
[EventCountry "DEN"]

1. d4 Nf6 2. Nf3 e6 3. Bf4 b6 4. e3 Bb7 5. Nbd2 Be7 6. h3 d6 7. Bd3 c5 8. Qe2
Nc6 9. c3 cxd4 10. exd4 a6 11. O-O O-O 12. Rfe1 Re8 13. Ne4 g6 14. Bh6 Nxe4 15.
Bxe4 Na5 16. Bxb7 Nxb7 17. h4 Bf8 18. Bxf8 Kxf8 19. Ng5 Kg7 20. Nxf7 Qxh4 21.
Nxd6 Nxd6 22. Qe5+ Qf6 23. Qxd6 b5 24. Re3 Qd8 25. Qg3 Rc8 26. Re5 b4 27. Rae1
bxc3 28. bxc3 Qd7 29. Qe3 Kf7 30. Qh6 Kg8 31. Qh3 Qf7 32. R1e3 Kg7 33. Rf3 Qb7
34. Qh4 Kg8 35. Qf6 Qd7 36. Rfe3 Qf7 37. Qg5 Rb8 38. Re2 Rb1+ 39. Kh2 Qc7 40.
Qg3 Rc1 41. Rc5 Qxg3+ 42. Kxg3 Kf7 43. c4 Rd8 44. Rc7+ Kf6 45. Rc6 Rxd4 46.
Rexe6+ Kf5 47. Rf6+ Kg5 48. f4+ Kh6 49. Rc7 Rdxc4 50. Rxc4 Rxc4 51. Rxa6 Kg7
52. a4 h5 53. a5 Ra4 54. Ra8 Ra2 55. a6 Ra3+ 56. Kf2 Ra2+ 57. Kf3 Ra3+ 58. Ke4
Ra2 59. Ke5 Re2+ 60. Kd6 Rxg2 61. Kc6 Rc2+ 62. Kb6 Rb2+ 63. Ka7 Rb4 64. Rb8
Rxf4 65. Rb7+ Kh6 66. Rb5 h4 67. Kb6 g5 68. a7 Rf8 69. Ka6 Ra8 70. Rb8 Rxa7+
71. Kxa7 g4 72. Rg8 Kh5 73. Kb6 h3 74. Kc5 Kh4 75. Kd4 Kg3 76. Ke3 h2 77. Rh8
Kg2 78. Kf4 h1=Q 79. Rxh1 1/2-1/2

[Event "Vesterhavsturneringen 2004"]
[Site "Esbjerg"]
[Date "2004.07.06"]
[Round "5"]
[White "Jacobsen, Jacob"]
[Black "Nilsson, Jonas Gosta"]
[Result "1/2-1/2"]
[WhiteElo "1825"]
[BlackElo "1698"]
[PlyCount "34"]
[EventDate "2004.??.??"]
[EventType "swiss"]
[EventRounds "9"]
[EventCountry "DEN"]

1. e4 e6 2. d4 d5 3. Nd2 dxe4 4. Nxe4 Nf6 5. Bd3 Bd7 6. Nf3 Bc6 7. Qe2 Nxe4 8.
Bxe4 Bxe4 9. Qxe4 Qd5 10. Qxd5 exd5 11. O-O f6 12. Re1+ Kd7 13. Bd2 Bd6 14. a3
Nc6 15. g3 Rae8 16. Bc3 Rxe1+ 17. Rxe1 Re8 1/2-1/2

[Event "Vesterhavsturneringen 2004"]
[Site "Esbjerg"]
[Date "2004.07.06"]
[Round "5"]
[White "Jensen, Alexander Tranberg"]
[Black "Ditlevsen, Birgit"]
[Result "1-0"]
[WhiteElo "1255"]
[BlackElo "1229"]
[PlyCount "47"]
[EventDate "2004.??.??"]
[EventType "swiss"]
[EventRounds "9"]
[EventCountry "DEN"]

1. c4 e5 2. g3 Nf6 3. Bg2 c6 4. Nc3 Bc5 5. d3 Ng4 6. Ne4 Qb6 7. Nxc5 Qxc5 8. e3
Nf6 9. Ne2 O-O 10. O-O d5 11. cxd5 Nxd5 12. d4 exd4 13. Nxd4 Re8 14. Bd2 Qd6
15. e4 Nf6 16. Bf4 Qc5 17. Nb3 Qb6 18. e5 Ng4 19. Bh3 Nxf2 20. Rxf2 Bxh3 21. g4
Qd8 22. Qf3 Qh4 23. Bg3 Qxg4 24. Qxf7+ 1-0

[Event "Vesterhavsturneringen 2004"]
[Site "Esbjerg"]
[Date "2004.07.06"]
[Round "5"]
[White "Jensen, Henrik Tranberg"]
[Black "Kwapinski, Leszek"]
[Result "1-0"]
[WhiteElo "2035"]
[BlackElo "1785"]
[PlyCount "41"]
[EventDate "2004.??.??"]
[EventType "swiss"]
[EventRounds "9"]
[EventCountry "DEN"]

1. d4 Nf6 2. c4 g6 3. Nc3 d5 4. Nf3 Bg7 5. Bg5 c6 6. e3 Qb6 7. Bxf6 Bxf6 8.
cxd5 Qxb2 9. Rc1 Bg4 10. Be2 O-O 11. O-O Rd8 12. h3 Bd7 13. Qd3 Qa3 14. Rb1 b6
15. e4 Bg7 16. Rb3 Qd6 17. e5 Qc7 18. Ng5 Bf5 19. Qc4 Qb7 20. Nxf7 Kxf7 21.
dxc6+ 1-0

[Event "Vesterhavsturneringen 2004"]
[Site "Esbjerg"]
[Date "2004.07.06"]
[Round "5"]
[White "Jensen, Jonbert"]
[Black "Grove, Peter"]
[Result "0-1"]
[WhiteElo "1421"]
[BlackElo "1670"]
[PlyCount "106"]
[EventDate "2004.??.??"]
[EventType "swiss"]
[EventRounds "9"]
[EventCountry "DEN"]

1. e4 e5 2. Nf3 Nc6 3. Bb5 Bc5 4. c3 Nf6 5. O-O Nxe4 6. d4 exd4 7. Re1 d5 8.
Nxd4 Bxd4 9. cxd4 O-O 10. Nc3 Bf5 11. Ba4 Qh4 12. Nxe4 Bxe4 13. Re3 Rfe8 14.
Rh3 Qf6 15. Be3 Bf5 16. Rg3 Re4 17. Bc2 Ree8 18. Bxf5 Qxf5 19. Rg5 Qe6 20. Qd3
Rad8 21. a3 Qe4 22. Qd2 Re6 23. Re1 Rde8 24. f3 Qh4 25. g3 Qxg5 26. Bxg5 Rxe1+
27. Kf2 R1e2+ 28. Qxe2 Rxe2+ 29. Kxe2 Nxd4+ 30. Ke3 Ne6 31. Be7 c5 32. f4 f5
33. h3 b5 34. g4 g6 35. Bd6 d4+ 36. Kf3 c4 37. Be5 d3 38. Ke3 a5 39. Bc3 Nc5
40. Bd4 Nb3 41. Bc3 Kf7 42. Be1 Ke6 43. Bc3 h5 44. g5 Kd5 45. Be5 d2 46. Ke2
Ke4 47. Bc7 Nc1+ 48. Kxd2 Nd3 49. Be5 Nxe5 50. fxe5 Kxe5 51. Ke3 f4+ 52. Kf3 h4
53. Ke2 Kf5 0-1

[Event "Vesterhavsturneringen 2004"]
[Site "Esbjerg"]
[Date "2004.07.06"]
[Round "5"]
[White "Jensen, Jorgen Tranbjerg"]
[Black "Hansen, John B"]
[Result "0-1"]
[WhiteElo "1557"]
[BlackElo "1741"]
[PlyCount "132"]
[EventDate "2004.??.??"]
[EventType "swiss"]
[EventRounds "9"]
[EventCountry "DEN"]

1. d4 d5 2. c4 Nf6 3. Nf3 Bg4 4. e3 e6 5. Be2 dxc4 6. Bxc4 Bd6 7. Nc3 c6 8. e4
Bb4 9. O-O Bxc3 10. bxc3 Nxe4 11. Re1 Nd6 12. Bd3 h6 13. h3 Bf5 14. Ba3 Bxd3
15. Qxd3 Nb5 16. Bb2 O-O 17. Rab1 Re8 18. Bc1 Nd6 19. Bf4 b6 20. Re5 Nd7 21.
Rh5 Nf6 22. Rh4 Nf5 23. Bg3 Qd5 24. c4 Qa5 25. Rf4 Rad8 26. Ne5 Qxe5 27. dxe5
Rxd3 28. exf6 gxf6 29. Re4 Kh7 30. c5 b5 31. a4 a6 32. axb5 axb5 33. Rc1 Red8
34. Bc7 R8d7 35. Bb6 R7d4 36. Rxd4 Rxd4 37. Ra1 Ra4 38. Rd1 Nd4 39. Bd8 Kg6 40.
f3 e5 41. Kf2 Kf5 42. g4+ Ke6 43. Rd3 Rc4 44. Bb6 f5 45. Kg3 f4+ 46. Kh4 b4 47.
Kh5 b3 48. Rd1 Rc3 49. Kxh6 Rxf3 50. h4 b2 51. h5 Rb3 52. Rb1 Nf3 53. Ba5 Rb5
54. Bc3 Rxc5 55. Bxb2 Rb5 56. Rc1 Rxb2 57. Rxc6+ Kd7 58. Rf6 Ke7 59. Kg7 Ng5
60. Rf5 f6 61. Rxf6 Rg2 62. Rf5 Ne6+ 63. Kh6 e4 64. g5 e3 65. g6 e2 66. Re5 f3
0-1

[Event "Vesterhavsturneringen 2004"]
[Site "Esbjerg"]
[Date "2004.07.06"]
[Round "5"]
[White "Jensen, Leif"]
[Black "Hansen, Hans Valdemar"]
[Result "1-0"]
[WhiteElo "2057"]
[BlackElo "1763"]
[PlyCount "47"]
[EventDate "2004.??.??"]
[EventType "swiss"]
[EventRounds "9"]
[EventCountry "DEN"]

1. e4 c5 2. f4 d6 3. c3 g6 4. g3 Bg7 5. Bg2 e5 6. d3 h5 7. Nf3 Bg4 8. h3 Bd7 9.
O-O Qc8 10. Kh2 Nc6 11. Be3 Nf6 12. fxe5 Nxe5 13. Nxe5 dxe5 14. Nd2 h4 15. gxh4
Rxh4 16. Bg5 Rh5 17. Bxf6 Bxf6 18. Rxf6 Bxh3 19. Qxh5 gxh5 20. Bxh3 Qd8 21. Rf3
Qg5 22. Nc4 Rd8 23. Rg1 Qh6 24. Nxe5 1-0